| 000 | 00679nam a2200217 a 4500 | ||
|---|---|---|---|
| 005 | 20240910064312.0 | ||
| 008 | 010912s1999 r 000 0 eng d | ||
| 020 | _a9582005149 | ||
| 035 | _aUPN01000111410 | ||
| 049 | _aCG | ||
| 050 | 4 |
_aLB1060 _bG3.3 |
|
| 100 | 1 |
_aGallego-Badillo, Rómulo _928895 |
|
| 245 | 1 | 0 |
_aCompetencias cognoscitivas : _bun enfoque epistemológico, pedagógico y didáctico / _cRómulo Gallego Badillo. |
| 260 |
_aSanta Fé de Bogotá : _bMagisterio, _c1999. |
||
| 300 | _a99 p. | ||
| 440 | 0 | _aAula abierta | |
| 650 | 4 |
_aAprendizaje _92861 |
|
| 650 | 4 |
_aProceso enseñanza-aprendizaje _942 |
|
| 650 | 4 |
_aPsicología educativa _95197 |
|
| 905 | _aLibro | ||
| 999 |
_c85318 _d85318 |
||